<?xml version="1.0" encoding="UTF-8"?>
<record
    xmlns:xsi="http://www.w3.org/2001/XMLSchema-instance"
    xsi:schemaLocation="http://www.loc.gov/MARC21/slim http://www.loc.gov/standards/marcxml/schema/MARC21slim.xsd"
    xmlns="http://www.loc.gov/MARC21/slim">

  <leader>00595nam a22001697a 4500</leader>
  <datafield tag="999" ind1=" " ind2=" ">
    <subfield code="c">60850</subfield>
    <subfield code="d">60850</subfield>
  </datafield>
  <controlfield tag="005">20231110104837.0</controlfield>
  <controlfield tag="008">231110s1978    ru ||||| |||| 00| 0 rus d</controlfield>
  <datafield tag="041" ind1=" " ind2=" ">
    <subfield code="a">rus</subfield>
  </datafield>
  <datafield tag="080" ind1=" " ind2=" ">
    <subfield code="a">726 &#x413;-71</subfield>
  </datafield>
  <datafield tag="100" ind1=" " ind2=" ">
    <subfield code="a">&#x413;&#x43E;&#x440;&#x44F;&#x438;&#x43D;&#x43E;&#x432;, &#x412;. &#x412;.</subfield>
    <subfield code="9">20312</subfield>
  </datafield>
  <datafield tag="245" ind1=" " ind2=" ">
    <subfield code="a">&#x41F;&#x430;&#x434;&#x443;&#x44F;. &#x412;&#x438;&#x447;&#x435;&#x43D;&#x446;&#x430;. &#x412;&#x435;&#x440;&#x43E;&#x43D;&#x430; /</subfield>
    <subfield code="c">&#x412;. &#x412;. &#x413;&#x43E;&#x440;&#x44F;&#x438;&#x43D;&#x43E;&#x432;.</subfield>
  </datafield>
  <datafield tag="264" ind1=" " ind2=" ">
    <subfield code="a">&#x41C;&#x43E;&#x441;&#x43A;&#x432;&#x430; :</subfield>
    <subfield code="b">&#x418;&#x441;&#x43A;&#x443;&#x441;&#x441;&#x442;&#x432;&#x43E;, </subfield>
    <subfield code="c">1978.</subfield>
  </datafield>
  <datafield tag="300" ind1=" " ind2=" ">
    <subfield code="a">182 &#x441;. : </subfield>
    <subfield code="b">&#x438;&#x43B;. ; </subfield>
    <subfield code="c">16 &#x441;&#x43C;</subfield>
  </datafield>
  <datafield tag="440" ind1=" " ind2=" ">
    <subfield code="a">&#x413;&#x43E;&#x440;&#x43E;&#x434;&#x430; &#x438; &#x43C;&#x443;&#x437;&#x435;&#x438; &#x43C;&#x438;&#x440;&#x430;</subfield>
    <subfield code="9">20091</subfield>
  </datafield>
  <datafield tag="653" ind1=" " ind2=" ">
    <subfield code="a">&#x10DE;&#x10D0;&#x10D3;&#x10E3;&#x10D0;. &#x10D5;&#x10D8;&#x10E9;&#x10D4;&#x10DC;&#x10EA;&#x10D0;. &#x10D5;&#x10D4;&#x10E0;&#x10DD;&#x10DC;&#x10D0;</subfield>
  </datafield>
  <datafield tag="942" ind1=" " ind2=" ">
    <subfield code="2">udc</subfield>
    <subfield code="c">&#x1CAC;&#x1C98;&#x1C92;&#x1C9C;&#x1C98;</subfield>
  </datafield>
</record>
